Statystyki dla Państwa o najwyższej ilości zakażeń Covid-19 (5.05.21)

Kliknij tutaj aby rozwiązać quiz!

Ogólne statystyki

  • Ten quiz został rozwiązany 55 razy
  • Średni wynik to 8 z 10

Odpowiedzi na mapie

Odpowiedzi skodowane kolorowo w zielono-czerwonej skali na mapie do tego quizu, zgodnie z poniższymi procentami.
 

Statystyki odpowiedzi

PaństwoLiczba zakażeń (+)% Poprawnych
32 512 946Stany Zjednoczone
98%
4 792 354Rosja
96%
3 462 297Niemcy
94%
14 856 888Brazylia
87%
5 741 537Francja
87%
3 544 945Hiszpania
81%
20 664 979Indie
81%
4 059 821Włochy
79%
4 439 494Wielka Brytania
77%
4 929 118Turcja
49%

Rozkład punktacji

Percentyl według liczby udzielonych odpowiedzi

Procent ludzi z każdym wynikiem

Twoja historia wyników

Nie rozwiązałeś tego quizu